[Event "Two Games a Month"]
[Site "Winnipeg CAN"]
[Date "2004.01.25"]
[Round "2"]
[White "Cooper, Steven"]
[Black "Bailey, Jack"]
[Result "1/2-1/2"]
[WhiteElo "1864"]
[BlackElo "1487"]
[PlyCount "84"]
[GameId "2160767911192214"]
[EventDate "2004.01.25"]
[EventType "swiss"]
[EventRounds "4"]
[EventCountry "CAN"]

1. Nf3 d5 2. c4 c6 3. Nc3 Nf6 4. d4 dxc4 5. e4 Bg4 6. Be2 e6 7. e5 Nd5 8. Qc2 Bb4 9. Bd2 Nd7 10. O-O Qa5 11. Rfc1 Nxc3 12. Bxc3 Bxc3 13. Qxc3 Qxc3 14. Rxc3 b5 15. a4 O-O 16. h3 Bh5 17. g4 Bg6 18. Nd2 Nb6 19. axb5 cxb5 20. Bf3 Rad8 21. Rxa7 Rxd4 22. Nf1 b4 23. Rc1 Rfd8 24. Rb7 Nd5 25. Ra1 Rd3 26. Be2 Rxh3 27. Raa7 h6 28. Bxc4 Be4 29. Nh2 Nb6 30. Bf1 Rb3 31. Ra6 Nc4 32. Bxc4 Rxb2 33. f3 Rdd2 34. fxe4 Rxh2 35. Ra8+ Kh7 36. Ra2 Rhg2+ 37. Kh1 Rh2+ 38. Kg1 Rhg2+ 39. Kf1 Rgf2+ 40. Ke1 b3 41. Rxb2 Rxb2 42. Rb8 Rb1+ 1/2-1/2

[Event "Two Games a Month"]
[Site "Winnipeg CAN"]
[Date "2004.01.25"]
[Round "2"]
[White "Gibbons, Lorne"]
[Black "Kirkby, Levi"]
[Result "1-0"]
[WhiteElo "1353"]
[BlackElo "942"]
[PlyCount "87"]
[GameId "2160767911192215"]
[EventDate "2004.01.25"]
[EventType "swiss"]
[EventRounds "4"]
[EventCountry "CAN"]

1. d4 d5 2. c4 dxc4 3. e4 g5 4. Nc3 Bg7 5. e5 Bd7 6. Bxc4 h5 7. Bxg5 Bg4 8. Qd2 Bh6 9. h3 Bxg5 10. Qxg5 Bd7 11. O-O-O c6 12. Nf3 Qc7 13. Rhe1 e6 14. Re4 Ne7 15. Rh4 Na6 16. Rxh5 Rf8 17. Re1 O-O-O 18. Rh7 Rg8 19. Rg7 Rxg7 20. Qxg7 Rg8 21. Qxf7 Rxg2 22. Bxe6 Bxe6 23. Qxe6+ Kb8 24. Re2 Nc8 25. Nh4 Qh7 26. Qf6 Rg8 27. Ne4 Rh8 28. Ng6 Qh6+ 29. Qg5 Qxg5+ 30. Nxg5 Rg8 31. Re4 Rxg6 32. Rg4 Rh6 33. f4 Ne7 34. h4 Nd5 35. Nf7 Rh7 36. e6 Ne3 37. Ng5 Rg7 38. Rg1 Nb4 39. a3 Na2+ 40. Kb1 Re7 41. h5 Re8 42. h6 Rh8 43. h7 Nf5 44. Rh1 1-0

[Event "Two Games a Month"]
[Site "Winnipeg CAN"]
[Date "2004.01.25"]
[Round "2"]
[White "Mor, Shai"]
[Black "Kwapiszewski, Chris"]
[Result "1-0"]
[WhiteElo "1329"]
[BlackElo "1106"]
[PlyCount "59"]
[GameId "2160767911192216"]
[EventDate "2004.01.25"]
[EventType "swiss"]
[EventRounds "4"]
[EventCountry "CAN"]

1. c4 e5 2. Nc3 Bb4 3. g3 Nf6 4. Nf3 e4 5. Nd4 Bc5 6. Nc2 b6 7. Bg2 Bb7 8. O-O O-O 9. d4 Bd6 10. f3 exf3 11. Bxf3 Bxf3 12. Rxf3 Re8 13. Bg5 Re6 14. d5 Re5 15. Bxf6 gxf6 16. Qd2 Bc5+ 17. Kg2 Qe7 18. Raf1 d6 19. Rxf6 Nd7 20. R6f4 a5 21. Rg4+ Kf8 22. Qh6+ Ke8 23. Rg8+ Nf8 24. e4 Bb4 25. Qxh7 Bxc3 26. bxc3 a4 27. Nd4 Qf6 28. Rxf6 Re7 29. Nc6 Rd7 30. Qg7 1-0

[Event "Two Games a Month"]
[Site "Winnipeg CAN"]
[Date "2004.01.25"]
[Round "2"]
[White "Rutter, Blair"]
[Black "Nikouline, Alexandre"]
[Result "0-1"]
[WhiteElo "1657"]
[BlackElo "2022"]
[PlyCount "68"]
[GameId "2160767911192217"]
[EventDate "2004.01.25"]
[EventType "swiss"]
[EventRounds "4"]
[EventCountry "CAN"]

1. d4 Nf6 2. c4 e6 3. a3 b6 4. Nc3 Bb7 5. f3 d5 6. Bg5 Be7 7. e3 O-O 8. Qc2 h6 9. Bh4 c5 10. O-O-O cxd4 11. exd4 dxc4 12. Bxc4 Qc7 13. Bd3 Qf4+ 14. Kb1 Qxh4 15. g3 Qg5 16. h4 Qxg3 17. Nge2 Qc7 18. Qd2 Rd8 19. Rhg1 Kf8 20. Rxg7 Kxg7 21. Rg1+ Kf8 22. Qxh6+ Ke8 23. Nb5 Qh2 24. Rc1 Nc6 25. Nf4 Kd7 26. d5 Rh8 27. dxc6+ Bxc6 28. Qg5 Nd5 29. Qxd5+ Bxd5 30. Nxd5 exd5 31. Bf5+ Kd8 32. Rd1 Bf6 33. Rxd5+ Ke7 34. Rd7+ Kf8 0-1

[Event "Two Games a Month"]
[Site "Winnipeg CAN"]
[Date "2004.01.25"]
[Round "2"]
[White "Sowka, John"]
[Black "Dharssi, Karim"]
[Result "1-0"]
[WhiteElo "1349"]
[BlackElo "1431"]
[PlyCount "81"]
[GameId "2160767911192218"]
[EventDate "2004.01.25"]
[EventType "swiss"]
[EventRounds "4"]
[EventCountry "CAN"]

1. e4 e5 2. Nf3 Nc6 3. Nc3 Nf6 4. d3 Bc5 5. Bg5 Nd4 6. Nxd4 Bxd4 7. Qf3 Bxc3+ 8. bxc3 d6 9. Bxf6 Qxf6 10. Qxf6 gxf6 11. h3 Be6 12. d4 O-O-O 13. d5 Bd7 14. c4 c5 15. O-O-O f5 16. f3 Rhg8 17. g4 fxe4 18. fxe4 Rg5 19. Be2 h5 20. h4 Rg7 21. g5 Rh8 22. Rdf1 Kd8 23. Rf6 Ke7 24. Kd2 Rg6 25. Rhf1 Rxf6 26. Rxf6 Rg8 27. Ke3 Rg6 28. Rf2 Bg4 29. Bxg4 hxg4 30. Rf5 f6 31. Kf2 fxg5 32. Rxg5 Kf6 33. Rf5+ Kg7 34. Kg3 Kh6 35. Rf7 Kh5 36. Rh7+ Rh6 37. Rxh6+ Kxh6 38. Kxg4 a6 39. Kf5 Kh5 40. Ke6 Kxh4 41. Kxd6 1-0

[Event "Two Games a Month"]
[Site "Winnipeg CAN"]
[Date "2004.01.25"]
[Round "2"]
[White "Tang, Edward"]
[Black "Anderson, George"]
[Result "1-0"]
[WhiteElo "1964"]
[BlackElo "1500"]
[PlyCount "53"]
[GameId "2160767911192219"]
[EventDate "2004.01.25"]
[EventType "swiss"]
[EventRounds "4"]
[EventCountry "CAN"]

1. e4 e6 2. d4 d5 3. exd5 exd5 4. c4 c5 5. cxd5 Qxd5 6. Nc3 Qxd4 7. Qxd4 cxd4 8. Nb5 Bb4+ 9. Bd2 Bxd2+ 10. Kxd2 Na6 11. Re1+ Be6 12. Nd6+ Kd7 13. Nxb7 Nb4 14. a3 Nc6 15. Nf3 a5 16. Bb5 Kc7 17. Rc1 Nge7 18. Nc5 Bd5 19. Bc4 Bxc4 20. Rxc4 Rhd8 21. Re1 Kb6 22. Ng5 Rd5 23. Nce4 f5 24. Ng3 h6 25. Nf3 g5 26. Re6 g4 27. Nh4 1-0

[Event "Two Games a Month"]
[Site "Winnipeg CAN"]
[Date "2004.01.25"]
[Round "2"]
[White "Vincent, Trevor"]
[Black "Zaczek, Jonathon"]
[Result "1-0"]
[WhiteElo "2019"]
[BlackElo "1832"]
[PlyCount "99"]
[GameId "2160767911192220"]
[EventDate "2004.01.25"]
[EventType "swiss"]
[EventRounds "4"]
[EventCountry "CAN"]

1. c4 c5 2. g3 g6 3. Bg2 Bg7 4. Nc3 Nc6 5. a3 d6 6. Rb1 a5 7. Nf3 e5 8. O-O Nge7 9. Ne1 O-O 10. d3 h6 11. Nc2 f5 12. f4 Be6 13. Ne3 exf4 14. gxf4 Bd4 15. Kh1 Kh7 16. Ncd5 Bxd5 17. Nxd5 Nxd5 18. Bxd5 Qd7 19. e3 Bf6 20. Qf3 Rab8 21. Bd2 a4 22. b3 Ne7 23. bxa4 Nxd5 24. Qxd5 Qxa4 25. Rxb7+ Rxb7 26. Qxb7+ Kh8 27. Qg2 Qxa3 28. Qxg6 Qxd3 29. Qxh6+ Kg8 30. Qg6+ Bg7 31. Qe6+ Rf7 32. Rf2 Qe4+ 33. Qxe4 fxe4 34. Rg2 Kh7 35. Bc1 Ra7 36. Rc2 Rb7 37. Kg2 Kg6 38. Rd2 Bf8 39. Kg3 Rb4 40. Rc2 Kf5 41. Bb2 Ra4 42. h4 Rb4 43. h5 Rb3 44. Bc1 Bh6 45. Kh3 Rd3 46. Rg2 Rd1 47. Rg6 Bf8 48. Bb2 Be7 49. Rg7 Ke6 50. f5+ 1-0

[Event "Two Games a Month"]
[Site "Winnipeg CAN"]
[Date "2004.01.25"]
[Round "2"]
[White "Willitts, Devon"]
[Black "Still, Graham"]
[Result "0-1"]
[WhiteElo "1099"]
[BlackElo "1320"]
[PlyCount "58"]
[GameId "2160767911192221"]
[EventDate "2004.01.25"]
[EventType "swiss"]
[EventRounds "4"]
[EventCountry "CAN"]

1. Nf3 d5 2. Nc3 Nc6 3. d4 Nf6 4. Bf4 a6 5. e3 Bf5 6. Bd3 Bxd3 7. cxd3 e6 8. O-O Bd6 9. Bg5 h6 10. Bxf6 Qxf6 11. Qb3 O-O-O 12. e4 Nxd4 13. Qa4 Nxf3+ 14. gxf3 Qg5+ 15. Kh1 Qf4 16. e5 Qxe5 17. Qh4 Qf4 18. Qh3 h5 19. Rg1 Rdg8 20. Ne2 Qe5 21. Rae1 Qxb2 22. Qf1 g5 23. Ng3 Kd7 24. Re2 Qf6 25. Qg2 h4 26. Nf1 h3 27. Qg4 Rh4 28. Qxh4 Qxf3+ 29. Rg2 Qxg2# 0-1

[Event "Two Games a Month"]
[Site "Winnipeg CAN"]
[Date "2004.02.08"]
[Round "3"]
[White "Bailey, Jack"]
[Black "Boron, Anthony"]
[Result "0-1"]
[WhiteElo "1487"]
[BlackElo "1937"]
[PlyCount "64"]
[GameId "2160767911192222"]
[EventDate "2004.01.25"]
[EventType "swiss"]
[EventRounds "4"]
[EventCountry "CAN"]

1. d4 Nf6 2. Nf3 d6 3. g3 Bg4 4. Bg2 c6 5. O-O g6 6. c4 Bg7 7. Nc3 O-O 8. h3 Bxf3 9. Bxf3 e5 10. dxe5 dxe5 11. e4 Nbd7 12. Be3 Qc7 13. Qc2 Rfd8 14. Rad1 Nf8 15. Rfe1 Ne6 16. Qc1 Nd4 17. Bg2 Ne6 18. f3 b6 19. Re2 Rxd1+ 20. Qxd1 Rd8 21. Rd2 Rxd2 22. Qxd2 Bf8 23. a3 Nd4 24. Kf2 a5 25. Ne2 Ne6 26. b3 Bxa3 27. f4 Bc5 28. f5 Bxe3+ 29. Qxe3 Nc5 30. Nc1 Qd7 31. Bf1 Nfxe4+ 32. Kg2 Qxf5 0-1

[Event "Two Games a Month"]
[Site "Winnipeg CAN"]
[Date "2004.02.08"]
[Round "3"]
[White "Dharssi, Karim"]
[Black "Willitts, Devon"]
[Result "1-0"]
[WhiteElo "1431"]
[BlackElo "1099"]
[PlyCount "57"]
[GameId "2160767911192224"]
[EventDate "2004.01.25"]
[EventType "swiss"]
[EventRounds "4"]
[EventCountry "CAN"]

1. c4 e5 2. Nc3 Nf6 3. Nf3 Nc6 4. d3 Bc5 5. g3 O-O 6. Bg2 Ng4 7. O-O Qf6 8. Nd5 Qf5 9. Nxc7 Rb8 10. a3 e4 11. dxe4 Qxe4 12. Qd3 f5 13. Ng5 Qd4 14. Qxd4 Nxd4 15. e3 Ne2+ 16. Kh1 f4 17. Bd5+ Kh8 18. Nf7+ Rxf7 19. Bxf7 b5 20. gxf4 bxc4 21. Bxc4 Rb5 22. Nxb5 Bb7+ 23. f3 Nxe3 24. Bxe3 Bxe3 25. Bxe2 Bxf4 26. Rad1 Bc8 27. Nxa7 Bb7 28. Rxd7 Ba8 29. Rd8# 1-0

[Event "Two Games a Month"]
[Site "Winnipeg CAN"]
[Date "2004.02.08"]
[Round "3"]
[White "Gibbons, Lorne"]
[Black "Rutter, Blair"]
[Result "0-1"]
[WhiteElo "1353"]
[BlackElo "1657"]
[PlyCount "69"]
[GameId "2160767911192225"]
[EventDate "2004.01.25"]
[EventType "swiss"]
[EventRounds "4"]
[EventCountry "CAN"]
[SourceTitle "EXT 2005"]
[Source "ChessBase"]
[SourceDate "2004.11.15"]
[SourceVersion "1"]
[SourceVersionDate "2004.11.15"]
[SourceQuality "1"]

1. d4 e6 2. c4 f5 3. Nc3 Nf6 4. Bf4 Be7 5. h3 O-O 6. Nf3 b6 7. e3 Bb7 8. Be2 d6 9. Qd2 Nbd7 10. O-O-O c6 11. b3 d5 12. cxd5 cxd5 13. Ng5 Ne4 14. Ncxe4 dxe4 15. Nxe6 Qc8+ 16. Nc7 a5 17. Bc4+ Kh8 18. d5 a4 19. Qe2 axb3 20. Bxb3 Ra5 21. Kb1 Nc5 22. Ne6 Ba6 23. Qc2 Bd3 24. Rxd3 Nxd3 25. Nxf8 Rc5 26. Qd2 Qxf8 27. f3 Rc8 28. g4 Bb4 29. Qd1 Qf6 30. Rh2 Rc1+ 31. Qxc1 Nxc1 32. Kxc1 Qa1+ 33. Kc2 Qc3+ 34. Kb1 Ba3 35. Rc2 0-1

[Event "Two Games a Month"]
[Site "Winnipeg CAN"]
[Date "2004.02.08"]
[Round "3"]
[White "Kwapiszewski, Chris"]
[Black "Kirkby, Levi"]
[Result "1-0"]
[WhiteElo "1106"]
[BlackElo "942"]
[PlyCount "47"]
[GameId "2160767911192226"]
[EventDate "2004.01.25"]
[EventType "swiss"]
[EventRounds "4"]
[EventCountry "CAN"]

1. d4 d5 2. Nc3 Nf6 3. Qd3 g6 4. e4 dxe4 5. Nxe4 Nxe4 6. Qxe4 Bg7 7. Ne2 Nd7 8. g3 Nf6 9. Qe5 O-O 10. Bg5 Ng4 11. Qxe7 Qxe7 12. Bxe7 Re8 13. Bb4 Bf5 14. Bh3 Re7 15. Bxe7 Re8 16. Bc5 b6 17. Bb4 a5 18. Bc3 Bc8 19. d5 Ba6 20. Bxg7 Kxg7 21. Bxg4 Bxe2 22. Bxe2 b5 23. Rb1 c5 24. d6 1-0

[Event "Two Games a Month"]
[Site "Winnipeg CAN"]
[Date "2004.02.08"]
[Round "3"]
[White "Lipnowski, Samuel"]
[Black "Tang, Edward"]
[Result "1-0"]
[WhiteElo "2106"]
[BlackElo "1964"]
[PlyCount "57"]
[GameId "2160767911192227"]
[EventDate "2004.01.25"]
[EventType "swiss"]
[EventRounds "4"]
[EventCountry "CAN"]

1. d4 d5 2. Nf3 c6 3. c4 Nf6 4. Qc2 dxc4 5. Qxc4 Bf5 6. g3 e6 7. Bg2 Nbd7 8. O-O Bd6 9. Nc3 O-O 10. Nh4 Bg4 11. h3 Bh5 12. e4 e5 13. Nf5 Nb6 14. Qd3 exd4 15. Qxd4 Bc7 16. Be3 Nbd7 17. Nd6 Bb6 18. Qd2 Bxe3 19. Qxe3 Qc7 20. e5 Ne8 21. g4 Bg6 22. Rad1 f6 23. f4 fxe5 24. fxe5 Qb6 25. Qxb6 Nxb6 26. Nxb7 Rxf1+ 27. Bxf1 Rb8 28. Na5 Rc8 29. Bg2 1-0

[Event "Two Games a Month"]
[Site "Winnipeg CAN"]
[Date "2004.02.08"]
[Round "3"]
[White "Nikouline, Alexandre"]
[Black "Vincent, Trevor"]
[Result "0-1"]
[WhiteElo "2022"]
[BlackElo "2019"]
[PlyCount "52"]
[GameId "2160767911192228"]
[EventDate "2004.01.25"]
[EventType "swiss"]
[EventRounds "4"]
[EventCountry "CAN"]
[SourceTitle "EXT 2005"]
[Source "ChessBase"]
[SourceDate "2004.11.15"]
[SourceVersion "1"]
[SourceVersionDate "2004.11.15"]
[SourceQuality "1"]

1. e4 c5 2. Nf3 Nc6 3. d4 cxd4 4. Nxd4 g6 5. c4 Nf6 6. Nc3 d6 7. Be2 Nxd4 8. Qxd4 Bg7 9. Be3 O-O 10. Qd2 a6 11. O-O Qa5 12. Nd5 Qxd2 13. Nxe7+ Kh8 14. Bxd2 Nxe4 15. Nxc8 Nxd2 16. Nb6 Rae8 17. Rfe1 Bxb2 18. Rad1 Bc3 19. Nd7 Rg8 20. Kh1 Nxc4 21. Bxc4 Rxe1+ 22. Rxe1 Bxe1 23. Bxf7 Rd8 24. Nb6 Bxf2 25. Nd5 Kg7 26. Be6 Re8 0-1

[Event "Two Games a Month"]
[Site "Winnipeg CAN"]
[Date "2004.02.08"]
[Round "3"]
[White "Still, Graham"]
[Black "Mor, Shai"]
[Result "1-0"]
[WhiteElo "1320"]
[BlackElo "1329"]
[PlyCount "71"]
[GameId "2160767911192229"]
[EventDate "2004.01.25"]
[EventType "swiss"]
[EventRounds "4"]
[EventCountry "CAN"]
[SourceTitle "EXT 2005"]
[Source "ChessBase"]
[SourceDate "2004.11.15"]
[SourceVersion "1"]
[SourceVersionDate "2004.11.15"]
[SourceQuality "1"]

1. d4 d5 2. c4 dxc4 3. e4 e5 4. Nf3 exd4 5. Qxd4 Qxd4 6. Nxd4 Bc5 7. Nb5 Na6 8. Bf4 c6 9. Nd6+ Bxd6 10. Bxd6 Be6 11. Nc3 Rd8 12. Rd1 b5 13. a4 b4 14. Na2 b3 15. Nc3 Nh6 16. Be5 Rxd1+ 17. Nxd1 O-O 18. Ne3 Nc5 19. Bd6 Nxa4 20. Bxf8 Nxb2 21. Ba3 Na4 22. Nxc4 Ng4 23. Nb2 Nc3 24. h3 Nf6 25. f3 Nd7 26. Bc4 Nb6 27. Bxe6 fxe6 28. O-O a5 29. Kf2 Kf7 30. Rc1 Nba4 31. Nxa4 Nxa4 32. Rb1 c5 33. Rxb3 c4 34. Rb7+ Kf6 35. Rc7 c3 36. Rc4 1-0

[Event "Two Games a Month"]
[Site "Winnipeg CAN"]
[Date "2004.02.08"]
[Round "3"]
[White "Zaczek, Jonathon"]
[Black "Anderson, George"]
[Result "1-0"]
[WhiteElo "1832"]
[BlackElo "1500"]
[PlyCount "71"]
[GameId "2160767911192230"]
[EventDate "2004.01.25"]
[EventType "swiss"]
[EventRounds "4"]
[EventCountry "CAN"]
[SourceTitle "EXT 2005"]
[Source "ChessBase"]
[SourceDate "2004.11.15"]
[SourceVersion "1"]
[SourceVersionDate "2004.11.15"]
[SourceQuality "1"]

1. e4 e6 2. d4 d5 3. Nc3 Bb4 4. e5 Bd7 5. Qg4 Kf8 6. h4 f5 7. Qh3 c5 8. a3 cxd4 9. axb4 dxc3 10. Nf3 cxb2 11. Bxb2 Qb6 12. Ba3 Nh6 13. Bd3 Ng4 14. O-O Bb5 15. Bxb5 Qxb5 16. Nd4 Qe8 17. Rfe1 Kg8 18. f3 Nh6 19. g4 Nc6 20. Nxc6 Qxc6 21. Bc1 fxg4 22. fxg4 Nf7 23. c3 a6 24. Ra2 Rc8 25. Bd2 Qc4 26. Raa1 Rf8 27. Rf1 Nd8 28. Rxf8+ Kxf8 29. Qf3+ Nf7 30. Rf1 Qc7 31. g5 g6 32. Qf6 Rg8 33. Qxe6 Rg7 34. Be3 b6 35. Bxb6 Qb7 36. Bc5+ 1-0

[Event "Two Games a Month"]
[Site "Winnipeg CAN"]
[Date "2004.02.08"]
[Round "4"]
[White "Anderson, George"]
[Black "Bailey, Jack"]
[Result "1-0"]
[WhiteElo "1500"]
[BlackElo "1487"]
[PlyCount "91"]
[GameId "2160767911192231"]
[EventDate "2004.01.25"]
[EventType "swiss"]
[EventRounds "4"]
[EventCountry "CAN"]

1. e4 e6 2. f3 d5 3. e5 c5 4. c3 a6 5. d4 Nc6 6. Ne2 Qb6 7. Qb3 Qxb3 8. axb3 cxd4 9. Nxd4 Nxd4 10. cxd4 Bd7 11. Bd3 Ne7 12. Be3 Nc6 13. O-O Be7 14. Nc3 O-O 15. Na4 Bd8 16. Nc5 Bc8 17. f4 Nb4 18. Bb1 Be7 19. f5 Bxc5 20. dxc5 Nc6 21. Bf4 Bd7 22. Rf3 Be8 23. Rh3 Nd4 24. Bd3 Nxb3 25. Bd2 Nxa1 26. Bb1 Nb3 27. Rxb3 Bc6 28. Be3 Rfd8 29. Bd4 a5 30. h4 h5 31. g4 a4 32. Rg3 hxg4 33. Rxg4 a3 34. bxa3 Ra4 35. f6 g6 36. h5 Be8 37. hxg6 fxg6 38. Bxg6 Bxg6 39. Rxg6+ Kf8 40. Bf2 Re4 41. c6 bxc6 42. Bc5+ Kf7 43. Rg7+ Ke8 44. f7+ Kd7 45. f8=Q+ Kc8 46. Qe7 1-0

[Event "Two Games a Month"]
[Site "Winnipeg CAN"]
[Date "2004.02.08"]
[Round "4"]
[White "Dharssi, Karim"]
[Black "Gibbons, Lorne"]
[Result "0-1"]
[WhiteElo "1431"]
[BlackElo "1353"]
[PlyCount "82"]
[GameId "2160767911192232"]
[EventDate "2004.01.25"]
[EventType "swiss"]
[EventRounds "4"]
[EventCountry "CAN"]
[SourceTitle "EXT 2005"]
[Source "ChessBase"]
[SourceDate "2004.11.15"]
[SourceVersion "1"]
[SourceVersionDate "2004.11.15"]
[SourceQuality "1"]

1. c4 e5 2. Nc3 Nf6 3. Nf3 Nc6 4. g3 Bc5 5. d3 Ng4 6. e3 d6 7. Bg2 Bd7 8. O-O O-O 9. a3 a6 10. b4 Ba7 11. Bb2 Bxe3 12. Nd5 Ba7 13. h3 Nf6 14. d4 e4 15. Nd2 Re8 16. Nxf6+ Qxf6 17. Nxe4 Qg6 18. d5 Ne7 19. c5 f5 20. cxd6 cxd6 21. Nc3 Qxg3 22. Ne2 Qg6 23. Nf4 Qg5 24. Ne6 Bxe6 25. dxe6 Rad8 26. Rc1 Ng6 27. Rc3 Qf6 28. Bxb7 Bd4 29. Bd5 Kh8 30. Re1 Bxc3 31. Bxc3 Qxc3 32. Re3 Qf6 33. Qe2 Nf4 34. Qc4 Rc8 35. Qxf4 g6 36. Qf3 f4 37. Re4 g5 38. Qd3 Rc3 39. Qxa6 Rxh3 40. Qxd6 f3 41. Qd7 Qa1+ 0-1

[Event "Two Games a Month"]
[Site "Winnipeg CAN"]
[Date "2004.02.08"]
[Round "4"]
[White "Kwapiszewski, Chris"]
[Black "Willitts, Devon"]
[Result "0-1"]
[WhiteElo "1106"]
[BlackElo "1099"]
[PlyCount "106"]
[GameId "2160767911192233"]
[EventDate "2004.01.25"]
[EventType "swiss"]
[EventRounds "4"]
[EventCountry "CAN"]

1. d4 Nf6 2. Nc3 g6 3. e4 Nc6 4. Nf3 Bg7 5. Bg5 d6 6. Bxf6 exf6 7. Bb5 O-O 8. Bxc6 bxc6 9. d5 cxd5 10. Nxd5 f5 11. exf5 gxf5 12. c3 Be6 13. O-O c6 14. Nf4 Bd5 15. Nxd5 cxd5 16. Qxd5 Re8 17. Rae1 Rb8 18. Nd4 Qh4 19. Nxf5 Qg5 20. Rxe8+ Rxe8 21. Nxg7 Qxd5 22. Nxe8 Qxa2 23. Nxd6 Qxb2 24. c4 Qd4 25. Nf5 Qxc4 26. Re1 Qb5 27. Nh6+ Kg7 28. Ng4 Qb4 29. Kf1 Qxg4 30. h3 Qc4+ 31. Re2 a5 32. g4 a4 33. f3 a3 34. Kf2 a2 35. Re1 Qc2+ 36. Kg3 Qa4 37. Ra1 Qc2 38. Re1 Qb2 39. h4 a1=Q 40. Rxa1 Qxa1 41. h5 Qe1+ 42. Kg2 f5 43. g5 Qh4 44. h6+ Kg6 45. f4 Qxf4 46. Kh1 Qxg5 47. Kh2 f4 48. Kh3 f3 49. Kh2 f2 50. Kh3 f1=R 51. Kh2 Qe3 52. Kg2 Rf2+ 53. Kg1 Qe1# 0-1

[Event "Two Games a Month"]
[Site "Winnipeg CAN"]
[Date "2004.02.08"]
[Round "4"]
[White "Mor, Shai"]
[Black "Cooper, Steven"]
[Result "1-0"]
[WhiteElo "1329"]
[BlackElo "1864"]
[PlyCount "65"]
[GameId "2160767911192234"]
[EventDate "2004.01.25"]
[EventType "swiss"]
[EventRounds "4"]
[EventCountry "CAN"]
[SourceTitle "EXT 2005"]
[Source "ChessBase"]
[SourceDate "2004.11.15"]
[SourceVersion "1"]
[SourceVersionDate "2004.11.15"]
[SourceQuality "1"]

1. d4 d5 2. c4 e6 3. Nf3 Nf6 4. Ne5 Bb4+ 5. Bd2 Bxd2+ 6. Nxd2 O-O 7. Qc2 h6 8. g4 Nh7 9. h4 f6 10. g5 fxg5 11. hxg5 Qxg5 12. Ndf3 Qf5 13. e4 dxe4 14. Nh4 Qf6 15. Nhg6 Rd8 16. O-O-O Nd7 17. Qxe4 Qxf2 18. Ne7+ Kf8 19. N5g6+ Kf7 20. Re1 Ndf6 21. Bd3 Nxe4 22. Rhf1 Rxd4 23. Bxe4 Qxf1 24. Rxf1+ Nf6 25. Bc2 Rxc4 26. Nxc8 Rxc8 27. Ne5+ Ke7 28. Nxc4 Rh8 29. Ne5 Rd8 30. Rd1 Rh8 31. Ng6+ Kf7 32. Nxh8+ Kg8 33. Rd8+ 1-0

[Event "Two Games a Month"]
[Site "Winnipeg CAN"]
[Date "2004.02.08"]
[Round "4"]
[White "Still, Graham"]
[Black "Boron, Anthony"]
[Result "0-1"]
[WhiteElo "1320"]
[BlackElo "1937"]
[PlyCount "90"]
[GameId "2160767911192235"]
[EventDate "2004.01.25"]
[EventType "swiss"]
[EventRounds "4"]
[EventCountry "CAN"]

1. d4 Nf6 2. c4 c5 3. d5 b5 4. cxb5 a6 5. bxa6 Bxa6 6. Nc3 g6 7. g3 d6 8. Nf3 Bg7 9. e4 Bxf1 10. Kxf1 O-O 11. Kg2 Nbd7 12. Bd2 Qb6 13. Qc1 Rfb8 14. Rb1 Ng4 15. h3 Nge5 16. Qc2 Nxf3 17. Kxf3 Ne5+ 18. Kg2 Nc4 19. Bc1 Qb4 20. a3 Nxa3 21. bxa3 Qxc3 22. Rxb8+ Rxb8 23. Qxc3 Bxc3 24. Rd1 Bb2 25. Bxb2 Rxb2 26. Ra1 c4 27. Rc1 Ra2 28. Rxc4 Rxa3 29. Rc7 Kf8 30. f4 Re3 31. Rc4 Kg7 32. g4 h6 33. h4 f6 34. h5 gxh5 35. gxh5 f5 36. exf5 Kf6 37. Rb4 Kxf5 38. Rc4 Kg4 39. Kf2 Rf3+ 40. Kg2 Rxf4 41. Rxf4+ Kxf4 42. Kh3 Kg5 43. Kg3 Kxh5 44. Kh3 Kg5 45. Kg3 Kf5 0-1

[Event "Two Games a Month"]
[Site "Winnipeg CAN"]
[Date "2004.02.08"]
[Round "4"]
[White "Zaczek, Jonathon"]
[Black "Nikouline, Alexandre"]
[Result "1-0"]
[WhiteElo "1832"]
[BlackElo "2022"]
[PlyCount "35"]
[GameId "2160767911192238"]
[EventDate "2004.01.25"]
[EventType "swiss"]
[EventRounds "4"]
[EventCountry "CAN"]
[SourceTitle "EXT 2005"]
[Source "ChessBase"]
[SourceDate "2004.11.15"]
[SourceVersion "1"]
[SourceVersionDate "2004.11.15"]
[SourceQuality "1"]

1. e4 c5 2. Nf3 e6 3. d4 cxd4 4. Nxd4 a6 5. c4 Nf6 6. Nc3 Bb4 7. Bd3 Qc7 8. O-O b5 9. Qe2 bxc4 10. Bxc4 Bxc3 11. bxc3 Bb7 12. e5 Ne4 13. Ba3 Nxc3 14. Qd3 Nb5 15. Bxb5 axb5 16. Nxb5 Qa5 17. Nd6+ Kf8 18. Nc4+ 1-0

[Event "Two games a month 2"]
[Site "Winnipeg CAN"]
[Date "2004.03.28"]
[Round "1"]
[White "Booth, Kevin"]
[Black "Pottinger, Carl"]
[Result "0-1"]
[WhiteElo "1314"]
[BlackElo "1653"]
[PlyCount "72"]
[GameId "2160767911175191"]
[EventDate "2004.03.28"]
[EventType "swiss"]
[EventRounds "4"]
[EventCountry "CAN"]
[SourceTitle "EXT 2006"]
[Source "ChessBase"]
[SourceDate "2005.11.24"]
[SourceVersion "1"]
[SourceVersionDate "2005.11.24"]
[SourceQuality "1"]

1. d4 g6 2. e4 Bg7 3. Nf3 d6 4. Be3 Nf6 5. Nc3 O-O 6. Bd3 Ng4 7. O-O Nxe3 8. fxe3 c5 9. Re1 Bg4 10. Be2 Bxf3 11. Bxf3 Nc6 12. Ne2 Qb6 13. d5 Ne5 14. Rb1 Nxf3+ 15. gxf3 c4 16. Nc3 Qc5 17. Qe2 b5 18. a4 b4 19. Na2 a5 20. Nc1 Rac8 21. b3 Rc7 22. bxc4 Qxc4 23. Qxc4 Rxc4 24. Nb3 Ra8 25. Rec1 Bh6 26. Kf2 Rc3 27. f4 e5 28. Nd2 exf4 29. exf4 Bxf4 30. Nb3 Bxc1 31. Rxc1 Kg7 32. Nd4 Rac8 33. Nc6 b3 34. Ke1 b2 35. Rb1 Rxc2 36. Kd1 Rxh2 0-1

[Event "Two games a month 2"]
[Site "Winnipeg CAN"]
[Date "2004.03.28"]
[Round "1"]
[White "Hogeveen Rutter, Alexander"]
[Black "Liebzeit, Mick"]
[Result "1-0"]
[WhiteElo "1768"]
[BlackElo "1317"]
[PlyCount "43"]
[GameId "2160767911175192"]
[EventDate "2004.03.28"]
[EventType "swiss"]
[EventRounds "4"]
[EventCountry "CAN"]
[SourceTitle "EXT 2006"]
[Source "ChessBase"]
[SourceDate "2005.11.24"]
[SourceVersion "1"]
[SourceVersionDate "2005.11.24"]
[SourceQuality "1"]

1. e4 c5 2. Nf3 Nc6 3. d4 cxd4 4. Nxd4 g6 5. c4 Nf6 6. Nc3 d6 7. Be2 Bg7 8. Be3 O-O 9. Qd2 Nxd4 10. Bxd4 Be6 11. f3 Rc8 12. b3 Qa5 13. O-O Rfd8 14. Rac1 a6 15. Rfd1 b5 16. cxb5 axb5 17. Qe3 Rxc3 18. Rxc3 d5 19. Bb6 Qa8 20. Bxd8 Qxd8 21. Rcd3 d4 22. Rxd4 1-0